UK Towns Quiz - Swansea - Wales - Statistics

General Stats
  • This quiz has been taken 44 times
  • The average score is 5 of 19
Answer Stats
Clue Population Town % Correct
S 170,055 Swansea
100%
G 14,109 Gorseinon
59%
G 7,451 Gowerton
59%
P 6,525 Pontarddulais
41%
D 1,730 Dunvant
34%
L 4,634 Loughor
34%
C 8,455 Clydach
28%
P 3,580 Penllergaer
28%
G 831 Glais
21%
P 1,655 Pen-clawdd
21%
C 957 Crofty
14%
G 1,148 Grovesend
14%
P 597 Pontlliw
14%
T 1,476 Three Crosses
14%
U 938 Upper Killay
14%
B 3,537 Bishopton
10%
T 909 Tircoed
10%
C 887 Craig-cefn-parc
7%
S 1,937 Southgate
7%
No matching quizzes found
Score Distribution
Percent of People with Each Score
Percentile by Number Answered
Your Score History
You have not taken this quiz